Normal view MARC view
  • INDULATHA , DR. V.N. & KUMAR,DR. RAKESH AND TIWARI, DR.NEHA

Entry Personal Name

Number of records used in: 1

001 - CONTROL NUMBER

  • control field: 8535

003 - CONTROL NUMBER IDENTIFIER

  • control field: JRU

005 - DATE AND TIME OF LATEST TRANSACTION

  • control field: 20240918160513.0

008 - FIXED-LENGTH DATA ELEMENTS

  • fixed length control field: 240918|| aca||aabn | a|a d

040 ## - CATALOGING SOURCE

  • Original cataloging agency: JRU
  • Transcribing agency: JRU

100 ## - HEADING--PERSONAL NAME

  • Personal name: INDULATHA , DR. V.N. & KUMAR,DR. RAKESH AND TIWARI, DR.NEHA

670 ## - SOURCE DATA FOUND

  • Source citation: Work cat.: (JRU)8664: INDULATHA , DR. V.N. & KUMAR,DR. RAKESH AND TIWARI, DR.NEHA , MEDICINAL CHEMISTRY - III [B.PHARMA, 6TH SEMESTER]